[Event "ROM-ch U08"]
[Site "Calimanesti"]
[Date "2018.03.31"]
[Round "6"]
[White "Patriche, Stefan"]
[Black "Stancu, Eric Flavius"]
[Result "1-0"]
[WhiteElo "1049"]
[BlackElo "1090"]
[PlyCount "93"]
[EventDate "2018.03.27"]
[EventType "swiss"]
[EventRounds "9"]
[EventCountry "ROU"]
[SourceTitle "CBM 183 Extra"]
[Source "ChessBase"]
[SourceDate "2018.04.19"]
[SourceVersion "1"]
[SourceVersionDate "2018.04.19"]
[SourceQuality "1"]

1. e4 c5 2. Nf3 e6 3. d4 cxd4 4. Nxd4 a6 5. Nc3 Qc7 6. Be3 Be7 7. Bd3 Nf6 8. Qd2 0-0 9. 0-0-0 Nc6 10. Nxc6 bxc6 11. Bg5 Rb8 12. Rhe1 d6 13. f4 Bd8 14. e5 dxe5 15. fxe5 Nd7 16. Bxd8 Rxd8 17. Qe2 Qb6 18. b3 Nc5 19. h3 Nxd3+ 20. Rxd3 Rxd3 21. Qxd3 a5 22. Rd1 Ba6 23. Qd4 Qxd4 24. Rxd4 h6 25. Rd6 Bf1 26. g3 c5 27. Ra6 f6 28. Rxa5 fxe5 29. Rxc5 Re8 30. Rxe5 Kf7 31. Re1 Bxh3 32. Ne4 Kg6 33. Nd6 Re7 34. a4 e5 35. b4 e4 36. Rxe4 Rxe4 37. Nxe4 Kf7 38. b5 Ke7 39. b6 Kd7 40. a5 Kc8 41. a6 Kb8 42. c4 Bg2 43. Nd6 Bc6 44. c5 Ka8 45. a7 g5 46. Nf7 h5 47. Nxg5 1-0